000 00287nam a2200109Ia 4500
008 200302s9999 xx 000 0 und d
100 _aKlein Dytham
245 _aKlein Dythom Architectur Tokyo Calling
260 _bBirkhauser Publishers for Architecture
260 _c2000
300 _a176
999 _c3331
_d3331